Los Gremios en Badajoz : catálogo de maestros y aprendices (siglo XVII) / Fernando Marcos Álvarez catálogo de maestros y aprendices (siglo XVII) / Fernando Marcos Álvarez
Descripción Física:
139 p. ; 24 cm
Materias:
Gremis -- Badajoz -- S. XVII
MARC
| LEADER | 00000nam a2200000Ia 4500 | ||
|---|---|---|---|
| 001 | 12062 | ||
| 008 | 160829s1998 xx 000 0 cat d | ||
| 080 | |a M-1-274 | ||
| 100 | |a Marcos Álvarez, Fernando |9 25022 | ||
| 245 | |a Los Gremios en Badajoz : |b catálogo de maestros y aprendices (siglo XVII) / Fernando Marcos Álvarez | ||
| 260 | |a Mérida : |b Junta de Extremadura. Consejería de Cultura y Patrimonio, |c 1998 | ||
| 300 | |a 139 p. ; |c 24 cm | ||
| 650 | |a Gremis |x Badajoz |x S. XVII |9 25030 | ||
| 710 | 1 | |a Extremadura. |b Consejería de Cultura y Patrimonio |9 54129 | |
| 901 | |a Arxiu | ||
| 942 | |n 1 | ||
| 952 | |0 0 |1 0 |4 0 |6 M1274 |7 1 |9 43418 |a Arxiu |b Arxiu |d 2016-12-01 |l 0 |o M-1-274 |p 12062 |r 2016-12-01 00:00:00 |w 2016-12-01 |y ARXIU | ||
| 999 | |c 45964 |d 45964 | ||